[Event "3rd ACP Blitz Prelim2"]
[Site "playchess.com INT"]
[Date "2004.06.01"]
[Round "16"]
[White "Skripchenko,A"]
[Black "Avrukh,B"]
[Result "1/2-1/2"]
[WhiteElo "2456"]
[BlackElo "2620"]

1.e4 c5 2.Nf3 Nc6 3.Bb5 Qb6 4.Nc3 e6 5.O-O Nge7 6.Re1 a6 7.Bxc6 Nxc6 8.b3 Be7
9.Bb2 O-O 10.Nd5 exd5 11.exd5 Qd8 12.dxc6 dxc6 13.h3 Be6 14.d3 Bf6 15.Bxf6 Qxf6
16.a4 a5 17.Qd2 b6 18.Qe3 Bd5 19.Nd2 Qg6 20.f3 h6 21.Qf4 Rae8 22.Nc4 Bxc4
23.bxc4 Re6 24.Re4 Rf6 25.Qe3 Qg3 26.Rb1 Rg6 27.Rg4 Rxg4 28.hxg4 Qc7 29.Re1 Qd6
30.Rb1 Qc7 31.Kf2 Rb8 32.f4 Qd8 33.Kf3 Qd7 34.Qe4 Re8 35.Qf5 Qd4 36.g5 h5
37.Kg3 g6 38.Qf6 Qe3+ 39.Kh2 Re6 40.Qd8+ Kg7 41.Rf1 h4 42.Rf3 Qd2 43.f5 gxf5
44.Rxf5 h3 45.Kxh3 Qe1 46.Rf3 Qh1+ 47.Kg3 Qe1+ 48.Kh3 Qh1+ 49.Kg3 Qe1+ 50.Kh3  1/2-1/2

[Event "3rd ACP Blitz Prelim5"]
[Site "playchess.com INT"]
[Date "2004.06.04"]
[Round "4"]
[White "Gallegos,Ca"]
[Black "Tregubov,P"]
[Result "0-1"]
[WhiteElo "2452"]
[BlackElo "2636"]

1.e4 c5 2.Nf3 Nc6 3.Bb5 Nf6 4.Bxc6 dxc6 5.d3 Bg4 6.Nbd2 e5 7.h3 Bxf3 8.Nxf3 Bd6
9.O-O O-O 10.Bg5 h6 11.Bh4 Re8 12.a4 a5 13.Bxf6 Qxf6 14.Nd2 b5 15.Ra2 Red8
16.Qa1 c4 17.axb5 cxb5 18.Rxa5 Rab8 19.Ra6 Qf4 20.Nf3 cxd3 21.cxd3 Bc5 22.b4 Bd4
23.Qc1 Qxc1 24.Rxc1 Rb6 25.Rxb6 Bxb6 26.Nxe5 f6 27.Rc6 Bxf2+ 28.Kxf2 fxe5
29.Ke3 Rd4 30.Rc5 Rxb4 31.Rxe5 Rb2 32.h4 b4 33.Rb5 Kf7 34.g4 Ke6 35.d4 Kd6
36.e5+ Kc6 37.Rb8 Kc7 38.e6 Rb1 39.Kd2 Rb2+ 40.Kd3 Rb3+ 41.Ke4 Rb1 42.Rb5 Kd6
43.d5 b3 44.Rb6+ Kc7 45.Rb4 b2 46.Kd3 Rd1+ 47.Kc2 Rxd5 48.Kxb2 Kd6 49.Rb7 g5
50.e7 Re5 51.hxg5 hxg5 52.Kc3 Rxe7 53.Rb6+ Ke5 54.Kd3 Kf4 55.Rb4+ Kf3 56.Ra4 Rd7+
57.Kc2 Rf7 58.Kd2 Rf4 59.Ra8 Kf2 60.Ra5 Rd4+ 61.Kc1 Rxg4 62.Rf5+ Ke3 63.Kd1 Rg1+
64.Kc2 g4 65.Rg5 g3 66.Re5+ Kf3 67.Rf5+ Kg2 68.Kd2 Rf1 69.Rh5 Rf4 70.Ke3 Rf3+
71.Ke2 Rf8 72.Re5 Kg1 73.Ke1 g2 74.Re7 Rf3 75.Ke2 Rh3 76.Rg7 Rh5 77.Re7 Kh2  0-1

[Event "3rd ACP Blitz Prelim5"]
[Site "playchess.com INT"]
[Date "2004.06.04"]
[Round "8"]
[White "Potkin,V"]
[Black "Tregubov,P"]
[Result "0-1"]
[WhiteElo "2540"]
[BlackElo "2636"]

1.e4 c5 2.Nf3 Nc6 3.Bb5 Nf6 4.e5 Ng4 5.Bxc6 dxc6 6.d3 g6 7.h3 Nh6 8.g4 Bg7
9.Nc3 O-O 10.Bf4 f6 11.Qd2 fxe5 12.Bxh6 Bxh6 13.Qxh6 Rxf3 14.O-O-O Qf8 15.Qxf8+ Kxf8
16.Ne4 Kg7 17.Nxc5 Rxf2 18.Rde1 b6 19.Ne4 Rf4 20.Nd2 Kf6 21.Re3 h5 22.gxh5 gxh5
23.Rhe1 Bf5 24.Rxe5 e6 25.R5e3 Rg8 26.Ne4+ Ke7 27.Ng3 Bxh3 28.Nxh5 Rh4 29.Nf4 Rxf4
30.Rxh3 Rg2 31.Kb1 Re2 32.Rh7+ Kd6 33.Rc1 a5 34.b3 a4 35.Kb2 b5 36.Rh5 Rd4
37.Rh3 Kc5 38.Rf1 Rg4 39.Rc1 Kb6 40.Rh7 Rd4 41.Rh3 Ka5 42.Rf3 b4 43.bxa4 Kxa4
44.Rg1 Rd5 45.Rg4 Rc5 46.Rc4 Rxc4 47.dxc4 Re4 48.Rf6 Ka5 49.a3 Ka4 50.axb4 Kxb4
51.Rf3 Kxc4 52.Rc3+ Kd5 53.Rh3 e5 54.Kc3 Ra4 55.Rh8 Ra3+ 56.Kd2 Rg3 57.Rd8+ Ke4
58.Rc8 Rg2+ 59.Kc3 Rg6 60.Kd2 Rd6+ 61.Ke2 Kd4 62.Re8 e4 63.Kd2 c5 64.c3+ Kc4+
65.Kc2 Kd5 66.Rh8 Rg6 67.Kd2 Rg2+ 68.Ke3 Rg3+ 69.Kd2 Kc4 70.Rh4 Rg2+ 71.Kc1 Kxc3  0-1

[Event "3rd ACP Blitz Prelim5"]
[Site "playchess.com INT"]
[Date "2004.06.04"]
[Round "14"]
[White "Glek,I"]
[Black "Tregubov,P"]
[Result "0-1"]
[WhiteElo "2571"]
[BlackElo "2636"]

1.e4 c5 2.Nf3 Nc6 3.Bb5 Nf6 4.Nc3 g6 5.h3 Qc7 6.O-O Bg7 7.Re1 O-O 8.e5 Ne8
9.Nd5 Qd8 10.c3 Nc7 11.Nxc7 Qxc7 12.d4 cxd4 13.cxd4 d6 14.exd6 Qxd6 15.d5 Nb4
16.Bc4 Bf5 17.Nh4 Bc2 18.Qe2 b5 19.Bxb5 Qxd5 20.Bc4 Qd6 21.Qxe7 Qxe7 22.Rxe7 Rac8
23.Bf1 Bd3 24.Rxa7 Bxf1 25.Kxf1 Rc2 26.Nf3 Nd3 27.Be3 Nxb2 28.Rc1 Rxc1+ 29.Bxc1 Rc8
30.Bxb2 Bxb2 31.a4 Ba3 32.Rd7 Rc2 33.Rd2 Rc1+ 34.Ke2 Bb4 35.Ra2 Ba5 36.Ne5 Re1+
37.Kd3 Rxe5 38.Kc4 h5 39.Rb2 Be1 40.f4 Re4+ 41.Kb5 Rxf4 42.Re2 Rb4+  0-1

[Event "3rd ACP Blitz Prelim5"]
[Site "playchess.com INT"]
[Date "2004.06.04"]
[Round "18"]
[White "Kobalia,M"]
[Black "Tregubov,P"]
[Result "1-0"]
[WhiteElo "2630"]
[BlackElo "2636"]

1.e4 c5 2.Nf3 Nc6 3.Bb5 Nf6 4.e5 Nd5 5.Nc3 Nc7 6.Bxc6 dxc6 7.h3 Bf5 8.d3 e6
9.Bg5 Be7 10.Bxe7 Qxe7 11.Qd2 O-O 12.O-O-O Rad8 13.g4 Bg6 14.h4 f5 15.h5 Be8
16.g5 c4 17.Qe2 cxd3 18.Rxd3 Rxd3 19.Qxd3 Nd5 20.Nxd5 cxd5 21.g6 hxg6 22.hxg6 Bxg6
23.Rg1 Bh5 24.Ng5 Bg4 25.Rxg4  1-0

[Event "Summer III"]
[Site "Alushta UKR"]
[Date "2004.06.06"]
[Round "2"]
[White "Itkis,B"]
[Black "Kuznetsov,Vi2"]
[Result "1-0"]
[WhiteElo "2436"]
[BlackElo "2375"]

1.e4 c5 2.Nf3 Nc6 3.Bb5 g6 4.O-O Bg7 5.Re1 Nf6 6.e5 Nd5 7.Nc3 Nc7 8.Bxc6 dxc6
9.Ne4 Ne6 10.d3 O-O 11.Be3 b6 12.Qd2 Nd4 13.Nxd4 cxd4 14.Bh6 c5 15.Qf4 Bb7
16.Qh4 f6 17.Bxg7 Kxg7 18.exf6+ exf6 19.Qg3 Bxe4 20.Rxe4 Qd7 21.Rae1 Rae8
22.b3 f5 23.Re5 Rxe5 24.Rxe5 Re8 25.Kf1 Kf6 26.Rxe8 Qxe8 27.Qd6+ Kf7 28.a4 Qe7
29.Qd5+ Kg7 30.g3 Kf6 31.Qc6+ Qe6 32.Qa8 Qe7 33.h4 Kg7 34.Qb8 Kf6 35.Qc8 Kg7
36.a5 bxa5 37.Qc6 Kf7 38.Kg2 Kg7 39.Qa6 Qc7 40.Qe6 Qb7+ 41.Kg1 Qb8 42.Kf1 Qb6
43.Qe7+ Kg8 44.h5 gxh5 45.Qg5+ Kf7 46.Qxf5+ Ke7 47.Qg5+ Kf7 48.Qxh5+ Kg7
49.Qg5+ Kf7 50.Qd5+ Kg7 51.Kg2 Kg6 52.Qg8+ Kh6 53.Qf7 Qc6+ 54.f3 a4 55.g4  1-0

[Event "1st Asean GM"]
[Site "Bangkok THA"]
[Date "2004.06.08"]
[Round "6"]
[White "Aung Aung"]
[Black "Nguyen Anh Dung"]
[Result "0-1"]
[WhiteElo "2524"]
[BlackElo "2535"]

1.e4 c5 2.Nf3 Nc6 3.Bb5 e6 4.O-O Nge7 5.Re1 a6 6.Bxc6 Nxc6 7.d4 cxd4 8.Nxd4 Qc7
9.Nxc6 dxc6 10.e5 Bd7 11.Bg5 h6 12.Qh5 c5 13.Nd2 Bc6 14.Rad1 Be7 15.Bxe7 Qxe7
16.Nc4 O-O 17.f4 Rad8 18.Nd6 Kh7 19.Rd3 f5 20.Rg3 Be8 21.Nxe8 Qxe8 22.Qxe8 Rfxe8
23.Rd3 Rxd3 24.cxd3 Rd8 25.Re3 g5 26.g3 Rd4 27.Rf3 Kg6 28.Kf2 Kh5 29.Ke3 Kg4
30.Rf2 Kh3 31.a3 Ra4 32.Rc2 b6 33.b4 Rxa3 34.bxc5 bxc5 35.Rxc5 Kxh2 36.g4 gxf4+
37.Kxf4 fxg4 38.Kxg4 Rxd3 39.Rc6 Rg3+ 40.Kf4 Rg6 41.Rxa6 h5 42.Ra8 Kg2 43.Ra2+ Kh3
44.Ra8 Rg4+ 45.Kf3 Rg3+ 46.Kf4 h4 47.Rf8 Kg2 48.Ra8 Rf3+ 49.Kg4 h3 50.Ra2+ Rf2  0-1

[Event "FSIM June"]
[Site "Budapest HUN"]
[Date "2004.06.08"]
[Round "4"]
[White "Caruana,F"]
[Black "Martini,B"]
[Result "1-0"]
[WhiteElo "2140"]
[BlackElo "2289"]

1.e4 c5 2.Nf3 Nc6 3.Bb5 g6 4.Bxc6 dxc6 5.O-O Bg7 6.d3 e5 7.Be3 Qe7 8.h3 Nf6
9.Nc3 O-O 10.a4 b6 11.Nd2 Nh5 12.a5 Rb8 13.axb6 axb6 14.Ne2 Qc7 15.c3 Nf4
16.Bxf4 exf4 17.d4 Rd8 18.Nf3 Qe7 19.Qc2 g5 20.e5 Be6 21.c4 h6 22.Rad1 Rd7
23.Rd2 b5 24.cxb5 Rxb5 25.Nc3 Rb4 26.dxc5 Rxd2 27.Qxd2 Qxc5 28.Re1 Qb6 29.Ra1 Qb8
30.Nd4 Rxb2 31.Qd3 Qxe5 32.Nxc6 Qc5 33.Ra8+ Bf8 34.Ne4 Qxc6 35.Qd8 Qxa8 36.Qxa8 Rb1+
37.Kh2 Rb4 38.Nf6+ Kg7 39.Qa1 Kg6 40.Ne8 Rb8 41.Nc7 Rb6 42.Qa8 Bg7 43.Qg8 Bd7
44.h4 gxh4 45.Nd5 Rf6 46.Ne7+  1-0

[Event "8th Open"]
[Site "Voronezh RUS"]
[Date "2004.06.15"]
[Round "4"]
[White "Kalegin,E"]
[Black "Bobrov,I"]
[Result "1-0"]
[WhiteElo "2452"]
[BlackElo "2318"]

1.e4 c5 2.Nf3 Nc6 3.Bb5 Nf6 4.e5 Nd5 5.Nc3 Nc7 6.Bxc6 dxc6 7.h3 g6 8.O-O Bg7
9.Ne4 Ne6 10.d3 O-O 11.Re1 Qc7 12.Neg5 h6 13.Nxe6 Bxe6 14.Qe2 Rfd8 15.Bf4 Kh7
16.Qe3 b6 17.c4 Qd7 18.Rad1 g5 19.Bg3 g4 20.hxg4 Bxg4 21.d4 cxd4 22.Rxd4 Qe6
23.Rf4 Bxf3 24.Qxf3 Rf8 25.Ree4 Rad8 26.b3 Rd2 27.a4 Rb2 28.Re3 Rb1+ 29.Kh2 Rd8
30.Bh4 Rdd1 31.g3 Kg8 32.Rd3 Rh1+ 33.Qxh1 Rxh1+ 34.Kxh1 Bxe5 35.Re4 Qf5 36.Rde3 f6
37.Kg2 Bd6 38.f3 Qa5 39.Re6 Qd2+ 40.Re2 Qd1 41.Re1 Qd4 42.R1e4 Qa1 43.Bxf6 exf6
44.Rxd6 Qb2+ 45.Kh3 Qxb3 46.Rxf6 Kg7 47.Rxc6  1-0

[Event "8th Open"]
[Site "Voronezh RUS"]
[Date "2004.06.15"]
[Round "4"]
[White "Chadaev,N"]
[Black "Geller,J"]
[Result "1/2-1/2"]
[WhiteElo "2370"]
[BlackElo "2489"]

1.e4 c5 2.Nf3 Nc6 3.Bb5 g6 4.O-O Bg7 5.Bxc6 bxc6 6.Re1 Nh6 7.c3 O-O 8.h3 f6
9.d4 cxd4 10.cxd4 Nf7 11.Nc3 d6 12.b3 Ba6 13.Bb2 Rc8 14.Rc1 Qa5 15.Rc2 Rfd8
16.d5 c5 17.Ne2 Bh6 18.Bc1 Bxc1 19.Nxc1 Rb8 20.Re3 Rb4 21.Ne2 Bxe2 22.Qxe2 Qb5
23.Qxb5 Rxb5 24.Nd2 Ne5 25.f4 Nd7 26.Nc4 Nb6 27.Kf2 Kf7 28.Kf3 Rb8 29.g4 Nxc4  1/2-1/2

[Event "8th Open"]
[Site "Voronezh RUS"]
[Date "2004.06.17"]
[Round "6"]
[White "Chadaev,N"]
[Black "Kalegin,E"]
[Result "0-1"]
[WhiteElo "2370"]
[BlackElo "2452"]

1.e4 c5 2.Nf3 Nc6 3.Bb5 g6 4.O-O Bg7 5.Bxc6 bxc6 6.Re1 Nh6 7.h3 O-O 8.c3 f6
9.d4 Qb6 10.Nbd2 cxd4 11.cxd4 Nf7 12.Nb3 d6 13.Be3 a5 14.Qc2 Qb5 15.Nc1 f5
16.Ne2 fxe4 17.Qxe4 Bf6 18.Ng3 Qxb2 19.Qxc6 Qb7 20.Qc4 Bxh3 21.Rab1 Qc8 22.Qxc8 Bxc8
23.Ne4 Bg7 24.Neg5 Bf5 25.Rb7 h6 26.Nxf7 Rxf7 27.Bd2 e6 28.Rb6 Rd7 29.Bf4 Bf8
30.Nh2 g5 31.g4 Bd3 32.Bg3 Bc4 33.a4 Bd5 34.Nf1 Rc8 35.Ne3 Bf3 36.Ra6 Rc3
37.Rxa5 Rd3 38.d5 exd5 39.Ra6 d4 40.Nf5 Bxg4 41.Nxd6 Re7 42.Rf1 Re6 43.Rb6 Ra3
44.Rb8 d3 45.Rd8 Rxa4 46.Nb5 Be2 47.Nd4 Re4 48.Nxe2 dxe2 49.Re1 Kf7 50.f3 Re6
51.Rd5 Bb4  0-1

[Event "8th Open"]
[Site "Voronezh RUS"]
[Date "2004.06.17"]
[Round "6"]
[White "Tjurin,A"]
[Black "Khakimov,T"]
[Result "1-0"]
[WhiteElo "2397"]
[BlackElo "2228"]

1.e4 c5 2.Nf3 Nc6 3.Bb5 g6 4.O-O Bg7 5.Bxc6 bxc6 6.c3 Nf6 7.Re1 O-O 8.d3 d6
9.h3 e5 10.Be3 Nd7 11.d4 cxd4 12.cxd4 exd4 13.Bxd4 Ne5 14.Nxe5 dxe5 15.Bc5 Re8
16.Nc3 Be6 17.Qa4 Qc7 18.Rad1 Bf8 19.Qa3 Bxc5 20.Qxc5 Qb6 21.Qa3 Rad8 22.Na4 Qa6
23.b3 Rd4 24.Rxd4 exd4 25.Qd6 Qa5 26.Rd1 Qg5 27.Qc5 Qxc5 28.Nxc5 Rd8 29.f4 h5
30.Kf2 Kf8 31.Rc1 Bc8 32.Ke2 Ke7 33.Kd3 f5 34.e5 h4 35.Rc4 Rd5 36.b4 g5 37.Rxd4 gxf4
38.Rxd5 cxd5 39.Ke2 d4 40.a4 Kd8 41.Kd3  1-0

[Event "Summer IV"]
[Site "Alushta UKR"]
[Date "2004.06.18"]
[Round "2"]
[White "Kovalev,A"]
[Black "Kuznetsov,Vi2"]
[Result "1-0"]
[WhiteElo "2557"]
[BlackElo "2375"]

1.e4 c5 2.Nf3 Nc6 3.Bb5 g6 4.O-O Bg7 5.c3 Nf6 6.Qa4 O-O 7.d4 cxd4 8.cxd4 Nxe4
9.d5 Nc5 10.Qa3 Qb6 11.Nc3 Nd4 12.Nxd4 Bxd4 13.Bh6 Bg7 14.Bxg7 Kxg7 15.b4 Ne4
16.Nxe4 Qxb5 17.Qc3+ f6 18.d6 e6 19.a4 Qd5 20.f3 b5 21.Rfd1 Qb7 22.Nc5 Qb8
23.a5 a6 24.g4 g5 25.h4 gxh4 26.g5 Rf7 27.gxf6+ Kf8 28.Kf2 Bb7 29.Qe3 Bc6
30.Qg5 h6 31.Qxh6+ Ke8 32.Qg6  1-0

[Event "National Open"]
[Site "Las Vegas USA"]
[Date "2004.06.18"]
[Round "1"]
[White "Tanner,R"]
[Black "Sevillano,E"]
[Result "0-1"]
[WhiteElo "2159"]
[BlackElo "2467"]

1.e4 c5 2.Nf3 Nc6 3.Bb5 e5 4.c3 Qc7 5.O-O d6 6.d4 Bd7 7.Qa4 Nf6 8.d5 Nb8
9.Bg5 Be7 10.Nbd2 h6 11.Be3 O-O 12.b4 a6 13.Bxd7 Nbxd7 14.Qb3 Rab8 15.a4 Rfc8
16.b5 c4 17.Qb2 Ng4 18.Rfe1 Nxe3 19.Rxe3 Qa5 20.Ree1 Qc7 21.Rf1 Bd8 22.Qc2 Ra8
23.Qb2 Qc5 24.Rfb1 Bb6 25.Nf1 axb5 26.axb5 Nf6 27.Ng3 Ng4 28.Nh1 f5 29.exf5 Rxa1
30.Rxa1 Qxd5 31.h3 Nf6 32.Qd2 e4 33.Nd4 Bxd4 34.Qxd4 Rc5 35.Rd1 Rxb5 36.Ng3 Qxd4
37.Rxd4 d5 38.Rd2 Rb3 39.Ne2 Kf7 40.g4 Ke7 41.Rc2 Nd7 42.Nd4 Rb1+ 43.Kg2 Ne5
44.Ne6 Nf3 45.Kg3 g5  0-1

[Event "Summer IV"]
[Site "Alushta UKR"]
[Date "2004.06.19"]
[Round "4"]
[White "Kovalev,A"]
[Black "Farakhov,R"]
[Result "1-0"]
[WhiteElo "2557"]
[BlackElo "2371"]

1.e4 c5 2.Nf3 Nc6 3.Bb5 e6 4.O-O Nge7 5.Re1 a6 6.Bxc6 Nxc6 7.d4 cxd4 8.Nxd4 d6
9.Nc3 Bd7 10.Nxc6 Bxc6 11.Re3 Be7 12.Rd3 Qc7 13.Qg4 g6 14.Bh6 b5 15.Re1 Qb7
16.Qd1 O-O-O 17.Nd5 exd5 18.exd5 Be8 19.Qg4+ Bd7 20.Qd4 Rhe8 21.Rde3 Bf8
22.Rxe8 Bxh6 23.Rxd8+ Kxd8 24.Qh4+  1-0

[Event "8th Open"]
[Site "Voronezh RUS"]
[Date "2004.06.19"]
[Round "8"]
[White "Turkin,V"]
[Black "Bobrov,I"]
[Result "1-0"]
[WhiteElo "2351"]
[BlackElo "2318"]

1.e4 c5 2.Nf3 Nc6 3.Bb5 Nf6 4.Nc3 Nd4 5.e5 Nxb5 6.Nxb5 Nd5 7.Ng5 Nc7 8.Qf3 f6
9.exf6 exf6 10.Qe4+ Ne6 11.Nxh7 Kf7 12.Nxf8 Qxf8 13.Qd5 Qe7 14.d3 Kg6 15.O-O a6
16.Nd6 Rh5 17.Qe4+ f5 18.Nxf5 Rxf5 19.g4 Qf7 20.gxf5+ Qxf5 21.Be3 d5 22.Qxf5+ Kxf5
23.f3 Bd7 24.Rae1 g5 25.Rf2 Bc6 26.Rfe2 Rf8 27.Bf2  1-0

[Event "National Open"]
[Site "Las Vegas USA"]
[Date "2004.06.20"]
[Round "5"]
[White "Gonzalez,Ren"]
[Black "Andrianov,N"]
[Result "1/2-1/2"]
[WhiteElo "2419"]
[BlackElo "2446"]

1.e4 c5 2.Nf3 Nc6 3.Bb5 g6 4.c3 Nf6 5.Qa4 Bg7 6.O-O O-O 7.Re1 e5 8.h3 Re8
9.d3 h6 10.Be3 b6 11.a3 Bb7 12.Qc2 d5 13.b4 a6 14.Bxc6 Bxc6 15.exd5 Bxd5
16.Nfd2 e4 17.d4 c4 18.Nf1 Nh5 19.Ng3 Nxg3 20.fxg3 f5 21.Rf1 Ra7 22.Qc1 Kh7
23.Ra2 Rf7 24.Raf2 Ref8 25.h4 Qd7  1/2-1/2

[Event "PWPW S.A Chess Cup"]
[Site "Warsaw POL"]
[Date "2004.06.20"]
[Round "8"]
[White "Socko,M"]
[Black "Dworakowska,J"]
[Result "1-0"]
[WhiteElo "2408"]
[BlackElo "2395"]

1.e4 c5 2.Nf3 Nc6 3.Bb5 g6 4.O-O Bg7 5.c3 e5 6.d3 Nge7 7.Be3 d6 8.d4 Qb6
9.Bxc6+ Qxc6 10.Nbd2 O-O 11.Re1 exd4 12.cxd4 Bg4 13.Rc1 Qa6 14.dxc5 Bxb2
15.cxd6 Qxd6 16.Rb1 Bg7 17.Rxb7 Nc6 18.Qa4 Rac8 19.e5 Qe6 20.Ng5 Qd5 21.Qxg4 Nxe5
22.Qe4 Qxa2 23.Rxa7 Qb2 24.h3 Nc6 25.Rxf7 Rfe8 26.Qd5 Kh8 27.Rxg7 Qxg7 28.Nf7+ Kg8
29.Nd6+  1-0

[Event "Summer IV"]
[Site "Alushta UKR"]
[Date "2004.06.21"]
[Round "6"]
[White "Belikov,V"]
[Black "Kuznetsov,Vi2"]
[Result "1-0"]
[WhiteElo "2494"]
[BlackElo "2375"]

1.e4 c5 2.Nf3 Nc6 3.Bb5 e6 4.O-O Nge7 5.b3 e5 6.Bb2 d6 7.c3 a6 8.Bxc6+ Nxc6
9.d4 Bg4 10.dxc5 dxc5 11.Nbd2 Qd3 12.Re1 O-O-O 13.Nc4 Bxf3 14.gxf3 b5 15.Nb6+ Kb7
16.Nd5 Qxd1 17.Rexd1 Bd6 18.Rd2 Ne7 19.a3 Nxd5 20.Rxd5 f6 21.c4 bxc4 22.bxc4 Kc6
23.Rad1 Be7 24.Bc3 Rb8 25.Ba5 Rb7 26.f4 exf4 27.e5 fxe5 28.Rxe5 Rd7 29.Rb1 Bd8
30.Rb8 Rd3 31.Kg2 f3+ 32.Kh3 Rd6 33.Rc8+ Kd7 34.Rexc5 Rf8 35.Rxd8+ Rxd8 36.Bxd8 Kxd8
37.Kg3 Rf6 38.h4 Kd7 39.Ra5 Kc7 40.h5 h6 41.Re5 Kd6 42.Ra5 Kc7 43.Kg4 Kb6
44.Re5 Kc6 45.a4 Rf7 46.Re6+ Kc5 47.Rxa6 Kxc4 48.Rb6 Kc5 49.Rb3 Rf6 50.Rxf3 Ra6
51.Ra3 Kb4 52.Ra1 Kc3 53.f3 Kb2 54.Re1 Rxa4+ 55.Re4 Ra1 56.Kf5 Rg1 57.Re6 Kc3
58.Rg6 Rh1 59.Rxg7 Rxh5+ 60.Kg6 Rh3 61.f4 Kd4 62.f5 Ke5 63.f6 Rg3+ 64.Kf7 Rf3
65.Rg6  1-0

[Event "II Young Stars of the World"]
[Site "Kirishi RUS"]
[Date "2004.06.21"]
[Round "4"]
[White "Matlakov,M"]
[Black "Andreikin,D"]
[Result "1/2-1/2"]
[WhiteElo "2361"]
[BlackElo "2418"]

1.e4 c5 2.Nf3 Nc6 3.Bb5 Qb6 4.Nc3 e6 5.Bxc6 bxc6 6.O-O Ne7 7.b3 Ng6 8.Na4 Qb4
9.Re1 Be7 10.c3 Qa5 11.Ba3 Ba6 12.d4 Bb5 13.Bxc5 Bxa4 14.Bxe7 Kxe7 15.bxa4 Qxc3
16.Rc1 Qa5 17.d5 cxd5 18.exd5 Rhc8 19.dxe6 dxe6 20.g3 Rxc1 21.Qxc1 Kf8 22.Qc6 Rd8
23.Rc1 Ne7  1/2-1/2

[Event "TCh-CRO"]
[Site "Rabac CRO"]
[Date "2004.06.21"]
[Round "1"]
[White "Vlahov,D"]
[Black "Jovanic,O"]
[Result "0-1"]
[WhiteElo "2209"]
[BlackElo "2435"]

1.e4 c5 2.Nf3 Nc6 3.Bb5 e6 4.Bxc6 bxc6 5.c4 Ne7 6.Nc3 Ng6 7.O-O e5 8.d3 Be7
9.Ne1 O-O 10.f4 exf4 11.Bxf4 Nxf4 12.Rxf4 d6 13.Ne2 Bg5 14.Rf1 f5 15.exf5 Bxf5
16.Ng3 Bg6 17.Rxf8+ Qxf8 18.Nf3 Bf6 19.Qd2 Rb8 20.d4 cxd4 21.Nxd4 c5 22.Nb5 Bf7
23.Qf4 Be5 24.Qg4 a6 25.Nc3 Rxb2 26.Nd5 Bxd5 27.cxd5 Qf2+  0-1

[Event "II Young Stars of the World"]
[Site "Kirishi RUS"]
[Date "2004.06.22"]
[Round "5"]
[White "Howell,D"]
[Black "Kuzubov,Y"]
[Result "0-1"]
[WhiteElo "2332"]
[BlackElo "2475"]

1.e4 c5 2.Nf3 Nc6 3.Bb5 g6 4.Bxc6 dxc6 5.d3 Bg7 6.h3 Nf6 7.Nc3 O-O 8.Be3 b6
9.Qd2 Re8 10.a3 a5 11.O-O e5 12.Na4 Nd7 13.Nh2 Ba6 14.Ng4 Qe7 15.Bh6 Qf8
16.Bxg7 Kxg7 17.f4 Bb5 18.Nc3 h5 19.Nxe5 Nxe5 20.fxe5 Rxe5 21.Rf3 Qd6 22.Raf1 Rf8
23.Qf4 f6 24.Kh1 Ba6 25.Ne2 Bc8 26.Qe3 h4 27.Nf4 Qe7 28.Qf2 f5 29.Ne2 g5
30.g3 hxg3 31.Qxg3 Kh8 32.Nf4 gxf4 33.Rxf4 Qg7 34.Qh4+ Qh7 35.Rg1 Re6 36.Qg3 Rg8
37.Qxg8+ Qxg8 38.Rxg8+ Kxg8 39.Rxf5 Rh6 40.Re5 Kf7 41.Kg2 Bxh3+ 42.Kf3 Be6  0-1

[Event "5th Kurass Mem"]
[Site "Kyiv UKR"]
[Date "2004.06.22"]
[Round "5"]
[White "Semenova,L"]
[Black "Kernazhitsky,L"]
[Result "0-1"]
[WhiteElo "2271"]
[BlackElo "2355"]

1.e4 c5 2.Nf3 Nc6 3.Bb5 e6 4.O-O Nge7 5.c3 a6 6.Bxc6 Nxc6 7.d4 d5 8.e5 Be7
9.Be3 b6 10.Ne1 O-O 11.f4 f6 12.Nd2 Bd7 13.Kh1 Be8 14.Qg4 Qd7 15.Nef3 Bg6
16.Qh3 Rac8 17.exf6 Rxf6 18.dxc5 bxc5 19.Rfe1 Bd6 20.g3 Qb7 21.b3 e5 22.fxe5 Nxe5
23.Kg1 Nxf3+ 24.Nxf3 Bf5 25.Qh5 Qc7 26.Bg5 Bg6 27.Qg4 h5 28.Qa4 Rxf3 29.Qxa6 Be4
30.Rad1 Qc6 31.Qxc6 Rxc6 32.c4 Bxg3 33.cxd5 Bf2+ 34.Kg2 Bxe1 35.dxc6 Rd3+
36.Kf1 Rxd1 37.Ke2 Rb1 38.c7 Bf5 39.a4 Ba5 40.Bd8 Bc8  0-1

[Event "XVIII Open"]
[Site "Pula CRO"]
[Date "2004.06.22"]
[Round "4"]
[White "Savic,Miod1"]
[Black "Feletar,D"]
[Result "1-0"]
[WhiteElo "2529"]
[BlackElo "2395"]

1.e4 c5 2.Nf3 Nc6 3.Bb5 e5 4.O-O d6 5.c3 Bd7 6.d4 Nf6 7.dxc5 dxc5 8.Qe2 Qc7
9.Nbd2 a6 10.Bc4 Be7 11.Rd1 O-O 12.Nf1 b5 13.Bd5 c4 14.Bg5 Rad8 15.Ne3 Rfe8
16.Rd2 h6 17.Bxf6 Bxf6 18.Rad1 Ne7 19.g3 Qc8 20.h4 Ng6 21.Nh2 Nf8 22.Qh5 Re7
23.b3 Rde8 24.bxc4 Nh7 25.cxb5 Bxb5 26.Nf5 Qxc3 27.Nxe7+ Rxe7 28.Bb3 Rc7
29.Ng4 Qc5 30.Qg6 Be8 31.Nxh6+ Kf8 32.Qxh7 gxh6 33.Qxh6+ Bg7 34.Qxa6  1-0

[Event "TCh-CRO"]
[Site "Rabac CRO"]
[Date "2004.06.22"]
[Round "3"]
[White "Golubovic,B"]
[Black "Bilobrk,F"]
[Result "1/2-1/2"]
[WhiteElo "2424"]
[BlackElo "2338"]

1.e4 c5 2.Nf3 Nc6 3.Bb5 e6 4.O-O Nge7 5.Nc3 a6 6.Bxc6 Nxc6 7.d4 cxd4 8.Nxd4 Qc7
9.Re1 Nxd4 10.Qxd4 f6 11.Be3 Bd6 12.f4 b5 13.Rad1 Be7 14.Rd2 Rf8 15.Red1 Rf7
16.Qd3 Bb4 17.f5 Bb7 18.fxe6 dxe6 19.Nxb5 Qc6 20.Nd6+ Bxd6 21.Qxd6 Qxd6 22.Rxd6 e5
23.Bb6 Bxe4 24.c4 Rb7 25.c5 Rc8 26.Kf2 Bc6 27.g4 Rd7 28.Re6+ Re7 29.Red6 Rd7
30.Re6+ Re7  1/2-1/2

[Event "TCh-CRO"]
[Site "Rabac CRO"]
[Date "2004.06.25"]
[Round "7"]
[White "Viskic,P"]
[Black "Vitaljic,N"]
[Result "1-0"]
[WhiteElo "2234"]
[BlackElo "2162"]

1.e4 c5 2.Nf3 Nc6 3.Bb5 e6 4.Bxc6 bxc6 5.O-O Ne7 6.e5 Ng6 7.d3 Be7 8.Nc3 f6
9.exf6 Bxf6 10.Ne4 Be7 11.Be3 d6 12.Nfd2 e5 13.Nb3 O-O 14.Qd2 Nf4 15.Bxf4 Rxf4
16.c4 Qe8 17.Rae1 Qg6 18.Re3 Bg4 19.Qa5 d5 20.Ng3 dxc4 21.dxc4 Rxc4 22.Qa6 Rb4
23.Rxe5 Bd6 24.Qxc6 Rc8 25.Qd5+ Kh8 26.Rg5 Qe6 27.h3 h6 28.hxg4 Qxd5 29.Rxd5 Bxg3
30.fxg3 c4 31.Rc1 Rcb8 32.Na5 Rxb2 33.Nxc4 Rxa2 34.Ra5 Rxa5 35.Nxa5 Rb5 36.Ra1 Kh7
37.Nc6 Rb6 38.Nxa7 Rb4 39.g5 h5 40.Ra6 Rg4 41.g6+ Kh6 42.Kh2 h4 43.gxh4 Rxh4+
44.Kg3  1-0

[Event "2nd Infineon IM"]
[Site "Budapest HUN"]
[Date "2004.07.01"]
[Round "7"]
[White "Brustkern,J"]
[Black "Rovid,K"]
[Result "1/2-1/2"]
[WhiteElo "2266"]
[BlackElo "2405"]

1.e4 c5 2.Nf3 Nc6 3.Bb5 g6 4.O-O Bg7 5.Re1 Nf6 6.e5 Nd5 7.Nc3 Nc7 8.Bc4 O-O
9.d3 Na5 10.Bf4 b6 11.a3 Bb7 12.Ba2 d5 13.Qd2 Nc6 14.Bh6 Qd7 15.Rab1 a5 16.Bxg7 Kxg7
17.d4 Rad8 18.Rbd1 c4 19.Ne2 b5 20.c3 Ne6 21.Bb1 Bc8 22.h3 Rh8 23.Nf4 Qb7
24.h4 h5 25.Nxe6+ Bxe6 26.Ng5 Qd7 27.Re3 Rdf8 28.Rde1 Qc8 29.Rg3 Rh6 30.Qf4 Nd8
31.Kh2 Bg4 32.Qd2 Rhh8 33.Rge3 Bf5 34.Bxf5 Qxf5 35.Rf3 Qg4 36.g3 Ne6 37.Kg2 Nxg5
38.hxg5 Qe6 39.Rf6 Qc8 40.Rb6 h4 41.e6 f5 42.Qf4 hxg3 43.fxg3 Rh5  1/2-1/2

[Event "XX Franca Garcia Mem"]
[Site "Osasco BRA"]
[Date "2004.07.01"]
[Round "1"]
[White "Delgado,N"]
[Black "Zambrana,O"]
[Result "1-0"]
[WhiteElo "2557"]
[BlackElo "2472"]

1.e4 c5 2.Nf3 Nc6 3.Bb5 g6 4.Bxc6 dxc6 5.d3 Bg7 6.h3 e5 7.Be3 Qe7 8.Qd2 h6
9.O-O Nf6 10.a3 a5 11.Nc3 Nd7 12.Nh2 b6 13.f4 exf4 14.Bxf4 g5 15.Be3 Ne5
16.Ne2 Qc7 17.Qe1 Be6 18.Rb1 Ng6 19.b4 cxb4 20.axb4 a4 21.Bd4 Bxd4+ 22.Nxd4 Nf4
23.Qe3 a3 24.Nxe6 fxe6 25.g3 a2 26.Ra1 Nh5 27.Kg2 Rf8 28.Rxf8+ Kxf8 29.Ng4 Kg7
30.Qd4+ Kh7 31.e5 Qe7 32.Qe4+ Kg7 33.Qxc6 Qd8 34.Qxe6 Qd4 35.Qxh6+ Kg8 36.Qxg5+ Ng7
37.Nh6+  1-0

[Event "ch-NED w"]
[Site "Leeuwarden NED"]
[Date "2004.07.02"]
[Round "4"]
[White "Hamelink,D"]
[Black "Peng Zhaoqin"]
[Result "1/2-1/2"]
[WhiteElo "2192"]
[BlackElo "2396"]

1.e4 c5 2.Nf3 Nc6 3.Bb5 g6 4.O-O Bg7 5.Nc3 Nd4 6.Nxd4 cxd4 7.Ne2 Qb6 8.a4 Nf6
9.d3 O-O 10.c3 dxc3 11.Nxc3 d6 12.Be3 Qa5 13.h3 Be6 14.d4 a6 15.Bd3 d5 16.e5 Nd7
17.Ne2 Rfc8 18.Nf4 Nf8 19.Qb3 Qd8 20.Rfc1 Qd7 21.Be2 Rxc1+ 22.Rxc1 Rc8 23.Rxc8 Qxc8
24.Bf3 Qd7 25.Nd3 Qc6 26.Nc5 b5 27.axb5 axb5 28.Be2 Bd7 29.Nxd7 Nxd7 30.Bxb5 Qb7
31.Qa4 Nb6 32.Qa5 e6 33.Ba6 Qc7 34.Qb5 Qd8 35.b3 Bf8 36.Bd2 Nd7 37.Ba5 Qa8
38.b4 Qa7 39.Qd3 Nb6 40.Bb5 Qc7 41.Kh2 Be7 42.Be8 Kf8 43.Qb5 Qc1 44.Bxb6 Qf4+
45.Kg1 Qc1+ 46.Qf1 Qxf1+ 47.Kxf1 Kxe8 48.Bc5 Bg5 49.g3 Kd7 50.b5 Kc7 51.Ke2 Kb7
52.Kd3 Bd8 53.f4 Ba5 54.g4 Bd8 55.Ke3 Bh4 56.Kf3 Be1 57.f5 Bd2 58.f6 Bc1
59.Ke2 Bf4 60.Kd3 Bc1 61.Kc3 Be3 62.Kb4 Bd2+ 63.Ka4 Bc3 64.Kb3 Bd2 65.Bb4 Be3
66.Bc3 Kb6 67.Ka4 Bf2 68.Ba5+ Kb7 69.Bc3 Kb6 70.Ba5+  1/2-1/2

[Event "22nd Open"]
[Site "Andorra la Vella AND"]
[Date "2004.07.03"]
[Round "1"]
[White "De la Riva Aguado,O"]
[Black "Kibleur,C"]
[Result "1-0"]
[WhiteElo "2552"]
[BlackElo "2071"]

1.e4 c5 2.Nf3 Nc6 3.Bb5 g6 4.c3 d5 5.d4 dxe4 6.Ne5 Bd7 7.Nxd7 Qxd7 8.d5 Rd8
9.c4 Nf6 10.Qe2 Bg7 11.Nc3 Nxd5 12.cxd5 Bxc3+ 13.bxc3 Qxd5 14.O-O a6 15.c4 Qd6
16.Bxc6+ Qxc6 17.Bh6 f6 18.a4 Rd4 19.a5 Kf7 20.Be3 Rd7 21.Rfb1 Rhd8 22.Rb6 Qc7
23.g3 Rd6 24.Rb2 b6 25.axb6 Rxb6 26.Rba2 Rdd6 27.Kg2 e5 28.Ra5 Rbc6 29.Qb2 Qc8
30.h3 g5 31.Qb1 Qf5 32.Rxc5 Qf3+ 33.Kh2 Rxc5 34.Bxc5 Rd3 35.Qb7+ Kg6 36.Re1 f5
37.Qxa6+ Kg7 38.Qb7+ Kg6 39.Qc6+ Kh5 40.Qf6 Rd7 41.Qxe5 Rf7 42.Qe8 Kg6 43.Rb1 Kg7
44.Bd4+  1-0